Rehabilitation of concrete structures : (Record no. 1353)

000 -LEADER
fixed length control field 00414 a2200085 4500
020 ## - INTERNATIONAL STANDARD BOOK NUMBER
International Standard Book Number 0643054138
082 ## - DEWEY DECIMAL CLASSIFICATION NUMBER
Classification number 624.1834 HO
245 ## - TITLE STATEMENT
Title Rehabilitation of concrete structures :
Remainder of title proceedings of international conference held by RILEM ... Melbourne, 31 August-2 September, 1992 /
Statement of responsibility, etc. edited by David W. S. Ho, Frank Collins.
260 ## - PUBLICATION, DISTRIBUTION, ETC.
Place of publication, distribution, etc. [Melbourne :
Name of publisher, distributor, etc. CSIRO, Division of Building, Construction and Engineering,
Date of publication, distribution, etc. 1992].
300 ## - PHYSICAL DESCRIPTION
Extent 486 p.
Other physical details ill. ;
Dimensions 25 cm
Holdings
Withdrawn status Lost status Damaged status Not for loan Permanent Location Current Location Shelving location Date acquired Total Checkouts Full call number Barcode Date last seen Price effective from Koha item type
        School of Civil and Environmental Engineering (SCEE) School of Civil and Environmental Engineering (SCEE)       624.1834 HO NIT-6579 01/05/2017 01/05/2017 Book
© 2023 Central Library, National University of Sciences and Technology. All Rights Reserved.